<?xml version="1.0" encoding="UTF-8"?>
<record
    xmlns:xsi="http://www.w3.org/2001/XMLSchema-instance"
    xsi:schemaLocation="http://www.loc.gov/MARC21/slim http://www.loc.gov/standards/marcxml/schema/MARC21slim.xsd"
    xmlns="http://www.loc.gov/MARC21/slim">

  <leader>00964nam a22002537a 4500</leader>
  <datafield tag="999" ind1=" " ind2=" ">
    <subfield code="c">141960</subfield>
    <subfield code="d">141960</subfield>
  </datafield>
  <controlfield tag="005">20230816171924.0</controlfield>
  <datafield tag="010" ind1=" " ind2=" ">
    <subfield code="a">ENG-118907-909</subfield>
  </datafield>
  <datafield tag="020" ind1=" " ind2=" ">
    <subfield code="a">9788131250976 (vol-1)</subfield>
    <subfield code="c">6995.00 (set of 3vols)</subfield>
  </datafield>
  <datafield tag="020" ind1=" " ind2=" ">
    <subfield code="a">9788131250976 (vol-2)</subfield>
    <subfield code="c">6995.00 (set of 3vols)</subfield>
  </datafield>
  <datafield tag="020" ind1=" " ind2=" ">
    <subfield code="a">9788131250976 (vol-3)</subfield>
    <subfield code="c">6995.00</subfield>
  </datafield>
  <datafield tag="035" ind1=" " ind2=" ">
    <subfield code="a">EN-102439-441</subfield>
  </datafield>
  <datafield tag="037" ind1=" " ind2=" ">
    <subfield code="b">DBAD/PUB</subfield>
  </datafield>
  <datafield tag="082" ind1=" " ind2=" ">
    <subfield code="a">349.052</subfield>
  </datafield>
  <datafield tag="100" ind1=" " ind2=" ">
    <subfield code="a">Tannan,M.L.</subfield>
  </datafield>
  <datafield tag="245" ind1=" " ind2=" ">
    <subfield code="a">M.LTannan Banking:</subfield>
    <subfield code="b">law and practice in India/</subfield>
    <subfield code="c">by M.L.Tannan ;edited by Rajesh Narain Gupta ; foreword by Naina Lal Kidwai</subfield>
  </datafield>
  <datafield tag="250" ind1=" " ind2=" ">
    <subfield code="a">27th ed.</subfield>
  </datafield>
  <datafield tag="260" ind1=" " ind2=" ">
    <subfield code="a">Gurugram</subfield>
    <subfield code="b">Lexis Nexis</subfield>
    <subfield code="c">2017</subfield>
  </datafield>
  <datafield tag="270" ind1=" " ind2=" ">
    <subfield code="a">14th floor,building N0-10,Tower-B,DLF Cyber city Phase-2</subfield>
    <subfield code="b">Gurugram (Haryana)</subfield>
    <subfield code="e">122002</subfield>
  </datafield>
  <datafield tag="300" ind1=" " ind2=" ">
    <subfield code="a">3-Vols (cdxxii,1-1332,79p. ; cdxxii,1333-2533,79p. ; ccc,1-2040,79p.)</subfield>
    <subfield code="c">25cm(Hb)</subfield>
  </datafield>
  <datafield tag="500" ind1=" " ind2=" ">
    <subfield code="a">Includes index</subfield>
  </datafield>
  <datafield tag="700" ind1=" " ind2=" ">
    <subfield code="a">Gupta, Rajesh Narain </subfield>
  </datafield>
  <datafield tag="700" ind1=" " ind2=" ">
    <subfield code="a">Kidwai, Naina Lal </subfield>
  </datafield>
  <datafield tag="942" ind1=" " ind2=" ">
    <subfield code="2">ddc</subfield>
    <subfield code="c">EN</subfield>
    <subfield code="h">349.052</subfield>
    <subfield code="m">TAN</subfield>
  </datafield>
  <datafield tag="952" ind1=" " ind2=" ">
    <subfield code="0">0</subfield>
    <subfield code="1">0</subfield>
    <subfield code="3">vol-1</subfield>
    <subfield code="4">0</subfield>
    <subfield code="7">1</subfield>
    <subfield code="8">REF</subfield>
    <subfield code="a">DBAD</subfield>
    <subfield code="b">L</subfield>
    <subfield code="d">2017-06-23</subfield>
    <subfield code="e">DBAD/PUB</subfield>
    <subfield code="g">6995.00</subfield>
    <subfield code="l">0</subfield>
    <subfield code="o">349.052 TAN</subfield>
    <subfield code="p">EN-102439</subfield>
    <subfield code="r">2017-06-23 00:00:00</subfield>
    <subfield code="t">1</subfield>
    <subfield code="v">6995.00</subfield>
    <subfield code="y">EN</subfield>
  </datafield>
  <datafield tag="952" ind1=" " ind2=" ">
    <subfield code="0">0</subfield>
    <subfield code="1">0</subfield>
    <subfield code="3">vol-2</subfield>
    <subfield code="4">0</subfield>
    <subfield code="7">1</subfield>
    <subfield code="8">REF</subfield>
    <subfield code="a">L</subfield>
    <subfield code="b">L</subfield>
    <subfield code="d">2017-06-23</subfield>
    <subfield code="e">DBAD/PUB</subfield>
    <subfield code="g">6995.00</subfield>
    <subfield code="l">0</subfield>
    <subfield code="o">349.052 TAN</subfield>
    <subfield code="p">EN-102440</subfield>
    <subfield code="r">2017-06-23 00:00:00</subfield>
    <subfield code="t">1</subfield>
    <subfield code="v">6995.00</subfield>
    <subfield code="y">EN</subfield>
  </datafield>
  <datafield tag="952" ind1=" " ind2=" ">
    <subfield code="0">0</subfield>
    <subfield code="1">0</subfield>
    <subfield code="3">vol-3</subfield>
    <subfield code="4">0</subfield>
    <subfield code="7">1</subfield>
    <subfield code="8">REF</subfield>
    <subfield code="a">L</subfield>
    <subfield code="b">L</subfield>
    <subfield code="d">2017-06-23</subfield>
    <subfield code="e">DBAD/PUB</subfield>
    <subfield code="g">6995.00</subfield>
    <subfield code="l">0</subfield>
    <subfield code="o">349.052 TAN</subfield>
    <subfield code="p">EN-102441</subfield>
    <subfield code="r">2017-06-23 00:00:00</subfield>
    <subfield code="t">1</subfield>
    <subfield code="v">6995.00</subfield>
    <subfield code="y">EN</subfield>
  </datafield>
</record>
